1375 1319 1200 1879 1550 1472 1507 1169 1555 1304 1473 1560 1271 1347 1113 1237 1863 1544 1151 1509 1695 1735 1185 1825 1707 1326 1508 1869 1222 1776 1491 1825 1569 1417 1791 1420 1908 1687 1060 1833 1640 1947 1044 1927 1030 1604 1716 1876 1797 1004 1218 1073 1580 1218 1272 1408 1210 1060 1169 1522 1689 1722 1554 1690 1890 1940 1119 1233 1774 1340 1503 1959 1102 1968 1005 1472 1615 1100 1791 1520 1484 1788 1472 1303 1473 1292 1391 1688 1270 1766 1144 1972 1431 1928 1862 1901 1908 1949 1709 BCNSPRNW ULIB Ver.6.0+V

เปลี่ยนเป็นภาษาไทย

Change to English
 แสดงรายละเอียดบรรณานุกรม
  กลับหน้าหลัก

Brief Record : Get Marc (ISO 2709) : E-mail record : QR code < ปิดหน้าต่าง
LEADER : 00000nam 2200000uu 4500
001    13399121819
003     ULIB
008    121207s2555||||th 000 0 tha d
020    ^a9789744226518
060  4 ^aWY157.6^bก493
245 00 ^aการพยาบาลออร์โธปิดิกส์ /^cโดย ธวัช ประสาทฤทธา,พรทิพย์ ลยานันท์,สุขใจ ศรีเพียรเอม,บรรณาธิการ
250    ^aพิมพ์ครั้งที่ 1
260    ^aกรุงเทพฯ :^bสหมิตรพริ้นติ้งแอนด์พับลิชชิ่ง,^c2555
300    ^a0331 หน้า :^bภาพประกอบ ;^c26 ซม.
650  7 ^aกระดูก^xศัลยกรรม
650  7 ^aการพยาบาลศัลยศาสตร์
650  7 ^aกระดูก^xโรค^xการพยาบาล
650  7 ^aศัลยกรรมออร์โธปิดิกส์
650  7 ^aผู้ป่วย, การดูแล
710 2  ^aกระทรวงสาธารณสุข. ^bกรมการแพทย์
945    ^p0^l0^i033182
945    ^p0^l0^i033521
945    ^p0^l0^i033522
945    ^p0^l0^i033523
945    ^p0^l0^i033524
945    ^p0^l0^i033525
995    ^a เกษร
999    ^aใช้งานได้ทุกระบบ
รายการนี้ยังไม่มีแท็ก
คุณยังไม่ได้ล็อกอิน คุณสามารถมีกิจกรรมร่วมกับเว็บไซต์ได้ แต่ต้องล็อกอินก่อน ::
  ล็อกอิน

รายการสื่อสารสนเทศ

ลำดับที่ ประเภท เลขเรียก/บาร์โค้ด สถานที่ สถานะ
1. วิทยาศาสตร์การแพทย์ และสุขภาพ
หนังสือสำรอง
สถานะ=หนังสือสำรอง
WY157.6 ก493 ฉ.1 
  Barcode: 033182
ห้องสมุดวิทยาเขตสวรรค์ประชารักษ์
►หนังสือทั่วไป
บนชั้น
2. Book การพยาบาล
Book การพยาบาล
WY157.6 ก493 ฉ.2 
  Barcode: 033521
ห้องสมุดวิทยาเขตสวรรค์ประชารักษ์
►ส่วนจัดเก็บหนังสือเก่า สปร
บนชั้น
  ขอยืม
3. Book การพยาบาล
Book การพยาบาล
WY157.6 ก493 ฉ.3 
  Barcode: 033522
ห้องสมุดวิทยาเขตสวรรค์ประชารักษ์
►ส่วนจัดเก็บหนังสือเก่า สปร
บนชั้น
  ขอยืม
4. Book การพยาบาล
Book การพยาบาล
WY157.6 ก493 ฉ.4 
  Barcode: 033523
ห้องสมุดวิทยาเขตสวรรค์ประชารักษ์
►ส่วนจัดเก็บหนังสือเก่า สปร
บนชั้น
  ขอยืม
5. Book การพยาบาล
Book การพยาบาล
WY157.6 ก493 ฉ.5 
  Barcode: 033524
ห้องสมุดวิทยาเขตสวรรค์ประชารักษ์
►ส่วนจัดเก็บหนังสือเก่า สปร
บนชั้น
  ขอยืม
6. Book การพยาบาล
Book การพยาบาล
WY157.6 ก493 ฉ.6 
  Barcode: 033525
ห้องสมุดวิทยาเขตสวรรค์ประชารักษ์
►หนังสือทั่วไป
บนชั้น

รายการใกล้เคียง
    หัวเรื่อง [การพยาบาลศัลยศาสตร์]
    หัวเรื่อง [ผู้ป่วย, การดูแล]

BibComment


ยังไม่เคยถูกคอมเมนท์

คอมเมนท์ทรัพยากรรายการนี้
  คอมเมนท์: การพยาบาลออร์โธป..


 Copyright 2026. Bcnsprnw @Library